Pacsmag természetvédelmi jellegű felmérése
Elmentve itt :
| Szerző: | |
|---|---|
| További közreműködők: | |
| Dokumentumtípus: | Szakdolgozat |
| Megjelent: |
2007
|
| Tárgyszavak: | |
| Online Access: | http://diploma.bibl.u-szeged.hu/83366 |
| LEADER | 00582nta a2200169 i 4500 | ||
|---|---|---|---|
| 001 | dipl83366 | ||
| 005 | 20200514085609.0 | ||
| 008 | 200514s2007 hu om 0|| zxx d | ||
| 040 | |a SZTE Diploma Repozitórium |b hun | ||
| 041 | |a zxx | ||
| 100 | 1 | |a Godena Helga | |
| 245 | 1 | 0 | |a Pacsmag természetvédelmi jellegű felmérése |h [elektronikus dokumentum] / |c Helga Godena |
| 260 | |c 2007 | ||
| 650 | 4 | |a Pedagógusképzés | |
| 650 | 4 | |a Biological sciences | |
| 700 | 1 | |a Ilosvay György |e ths | |
| 856 | 4 | 0 | |u http://diploma.bibl.u-szeged.hu/id/eprint/83366/1/itt_1657_2007_godena_helga.pdf |z Dokumentum-elérés |